000 00822nam a2200241 a 4500
001 48803
003 BD-RjUL
005 20211209054604.0
008 160816b1963 bg ||||| |||| 00| d ben d
020 _c: Tk. 2.50
035 _a(BD-RjUL) 48922
040 _aBD-RjUL
_bben
_cBD-RjUL
041 _aben
082 _223
_a891.442
_bUDN 1963
100 1 _aউদ্দীন, আকবর
_9147151
245 1 0 _aনাদির শাহ :
_bঐতিহাসিক নাটক /
_cআকবর উদ্দীন
250 _a৩য় সং.
260 _aঢাকা :
_bষ্টুডেন্ট ওয়েজ,
_c১৯৬৩ (১৩৭০)
300 _a১৫১ পৃ. ;
_c১৯ সেমি.
650 _aবাংলা নাটক
_9147152
650 _aBengali Drama
_9147153
942 _2ddc
_cBK
999 _c48803
_d48803